书目信息 |
| 题名: |
十大军事家
|
|
| 作者: | 陈晓和 , 陈迅 著 | |
| 分册: | ||
| 出版信息: | 南京 南京大学出版社 1998.12 |
|
| 页数: | 219页 | |
| 开本: | 32开 | |
| 丛书名: | ||
| 单 册: | ||
| 中图分类: | K825.2 | |
| 科图分类: | ||
| 主题词: | 人物--传记--中国 | |
| 电子资源: | ||
| ISBN: | 7-305-03252-2 | |
| 000 | 00576nam0 2200205 45 | |
| 001 | 0009091533 | |
| 005 | 20000909155235.0 | |
| 010 | @a7-305-03252-2@d9.00元 | |
| 100 | @a20000909d1998 km y0chiy0120 ea | |
| 101 | 0 | @achi |
| 105 | @a z 000yy | |
| 200 | 1 | @a十大军事家@AShi Da Jun Shi Jia@f陈晓和,陈迅著@FChen Xiao He,Chen Xun Zhu |
| 210 | @a南京@c南京大学出版社@d1998.12 | |
| 215 | @a219页@d32开 | |
| 606 | 0 | @a人物@x传记@x中国 |
| 690 | @aK825.2@v3 | |
| 701 | 0 | @a陈晓和@4著 |
| 701 | 0 | @a陈迅@4著 |
| 801 | @aCN@bPftUser@c20000909 | |
| 905 | @b132040-044@dK825.2@eCH308@f5 | |
| 十大军事家/陈晓和,陈迅著.-南京:南京大学出版社,1998.12 |
| 219页;32开 |
| ISBN 7-305-03252-2:9.00元 |
| ● |
| 相关链接 |
|
|
|
正题名:十大军事家
索取号:K825.2/CH308
 
预约/预借
| 序号 | 登录号 | 条形码 | 馆藏地/架位号 | 状态 | 备注 |
| 1 | 132040 | 201320409 | 自科二线404/400A自科库 9排1列1层/ [索取号:K825.2/CH308] | 在馆 | |
| 2 | 132041 | 201320418 | 自科二线404/400A自科库 9排1列1层/ [索取号:K825.2/CH308] | 在馆 | |
| 3 | 132042 | 201320427 | 社科库309/309社科库 46排5列3层/ [索取号:K825.2/CH308] | 在馆 | |
| 4 | 132043 | 201320436 | 社科库309/309社科库 46排5列3层/ [索取号:K825.2/CH308] | 在馆 | |
| 5 | 132044 | 201320445 | 自科二线404/400A自科库 9排1列1层/ [索取号:K825.2/CH308] | 在馆 |